Projektování výrobních systémů
Na minha lista:
| Formato: | Livro |
|---|---|
| Publicado em: |
Brno :
Dom techniky ČSVTS,
1989
|
| Tags: |
Sem tags, seja o primeiro a adicionar uma tag!
|
MARC
| LEADER | 00000nam a22000003a 4500 | ||
|---|---|---|---|
| 001 | stu48275 | ||
| 005 | 20150408180203.8 | ||
| 008 | ------s1989----cs----------------------d | ||
| 040 | |a STU |b slo | ||
| 041 | 0 | ||
| 044 | |a cs | ||
| 080 | |a 658.52.011.56 |7 stu_us_auth*stu8281 | ||
| 245 | |a Projektování výrobních systémů | ||
| 260 | |a Brno : |b Dom techniky ČSVTS, |c 1989 | ||
| 300 | |a 209 s | ||
| 996 | |b J82633 |c J*82633/K 6 |l JJK6 |s P |a 0 |w stu48275_0001 | ||